000 00552nam a2200193Ii 4500
003 JO-AjNU
008 230606s9999||||xx |||||||||||||| ||und||
040 _aJO-AjNU
_beng
_erda
_cJO-AjNU
041 _aeng
050 1 4 _aT385.2012
100 3 _aHussein,NoraMohammad Rehan,
_eauthor
_94299
245 0 3 _aAn Approach for Descriotive Geometry
264 3 1 _a2012
300 _a105p
336 _atext
_btxt
_2rdacontent
337 _aunmediated
_bn
_2rdamedia
338 _avolume
_bnc
_2rdacarrier
650 4 _aAnApproach for Descriotive Geometry
_94300
999 _aE2235
_c2233
_d2233